000
00358nam a2200157Ia 4500
005
20250423094657.0
008
250422s9999 xx 000 0 und d
020
_a
0-7487-1594-0
100
_a
E. N. Ramsden
245
0
_a
Calculations for A- Level Chemistry
250
_a
3rd ed.
260
_b
Oxford
260
_c
1993
300
_a
298 p
942
_c
BK
999
_c
27962
_d
27962